Culture Générale - Série 1789 - Statistiques

Statistiques générales
  • Ce quiz a été pris 203 fois
  • Le résultat moyen est 3 sur 10
Statistiques - réponses
Question Réponse % Correct
Le taenia ou ténia est plus connu sous le nom de " ver .... solitaire
90%
La cataire est une plante que l'on appelle communément " herbe aux .... chats
75%
Adaptation d'un environnement de travail (outils, matériel, organisation…) aux besoins de l'utilisateur ergonomie
45%
Quelle ville portuaire du Yémen,construite sur un site volcanique, a donné son nom au golfe situé à la corne de l'Afrique ? Aden
34%
Dans quel département français se situe le cap d'Antifer ? Seine Maritime
17%
Bâtiment de guerre rapide, utilisé autrefois pour assurer des liaisons et aujourd'hui pour escorter d'autres navires ou pour lutter contre les sous-marins. aviso
14%
En argot, que signifie le mot "jonc" ? or
13%
Quel acteur incarne l'Inspecteur Javert dans le film "Les Misérables" , réalisé en 1958 par Jean-Paul Le Chanois ? Bernard Blier
4%
Le gaur est un bovidé appelé également "bison ... indien
2%
Quel fleuve arrose les territoires de la Biélorussie, de la Lituanie et de la Russie ? Niémen
2%
Aucun quiz correspondant
Distribution des résultats
% des personnes avec chaque résultat
Percentile par nombre de réponses
Votre historique - résultats
Vous n’avez pas pris ce quiz